00935 2200169 4500245006700000020002200067250001100089100001900100650002900119005001900148260004000167041001400207084001100221300002300232500050100255336000900756 aSunan Kalijaga b : Mistik dan MakrifatcAchmad ChodjimhText a978-979-024-292-0 aCet. 5 aAchmad Chodjim aBiografi Tokoh Laki-laki a20230927090255 aJakartabSerambi Ilmu Semestac2015 aIndonesia a920.71 a371 hlm. :c23 cm. aSunan Kalijaga, alias Raden Syahid. Dia seorang putra tumenggung. Tetapi dia tidak mau mewarisi kekuasaan dari ayahandanya. Justru dia memilih menjadi pegiat spiritual Islam di Tanah Jawa, yang pada akhirnya oleh Dewan Wali Sanga, dia diangkat sebagai salah satu anggotanya untuk menggantikan Syekh Subakir yang kembali ke Persia. Namanya akrab di telinga Islam Jawa, Dan, nyatanya dialah satu-satunya Wali yang bisa diterima oleh berbagai pihak, baik oleh mutihan atau abangan, santri atau awam. atext